|
|
|
|
| LEADER |
00000nam0a2200000 4500 |
| 001 |
300207 |
| 005 |
20231102001258.0 |
| 020 |
|
|
|a RU
|b 83-27465
|
| 035 |
|
|
|a (RuTPU)RU\TPU\book\325360
|
| 090 |
|
|
|a 300207
|
| 100 |
|
|
|a 20150708d1982 m y0rusy5003 ca
|
| 101 |
0 |
|
|a rus
|
| 102 |
|
|
|a RU
|
| 105 |
|
|
|a y j 001zy
|
| 200 |
1 |
|
|a Статистика материально-технического снабжения
|e учебное пособие
|f Л. В. Лазарева, А. Л. Демина
|g Иркутский институт народного хозяйства (ИИНХ)
|
| 210 |
|
|
|a Иркутск
|c Изд-во Иркутского ун-та
|d 1982
|
| 215 |
|
|
|a 35 с.
|
| 320 |
|
|
|a Библиогр.: с. 34
|
| 606 |
1 |
|
|a Материально-техническое снабжение
|x Статистика
|2 stltpush
|3 (RuTPU)RU\TPU\subj\36396
|9 57794
|
| 606 |
1 |
|
|a Материально-техническое снабжение
|x Организация
|2 stltpush
|3 (RuTPU)RU\TPU\subj\41349
|9 61144
|
| 610 |
1 |
|
|a предметы труда
|
| 610 |
1 |
|
|a статистические методы
|
| 610 |
1 |
|
|a поступление
|
| 610 |
1 |
|
|a использование
|
| 610 |
1 |
|
|a производственные запасы
|
| 610 |
1 |
|
|a классификация
|
| 610 |
1 |
|
|a поставки
|
| 610 |
1 |
|
|a учебные пособия
|
| 675 |
|
|
|a 658.7(075.8)
|z rus
|v 3
|
| 675 |
|
|
|a 658.7(075.8)
|v 3
|
| 686 |
|
|
|a У9(2)40я73
|2 rubbk
|
| 700 |
|
1 |
|a Лазарева
|b Л. В.
|g Лидия Васильевна
|4 070
|
| 701 |
|
1 |
|a Демина
|b А. Л.
|g Алла Леонидовна
|4 070
|
| 712 |
0 |
2 |
|a Иркутский институт народного хозяйства (ИИНХ)
|c (1965-1993)
|2 stltpush
|3 (RuTPU)RU\TPU\col\19594
|
| 801 |
|
0 |
|a RU
|b RuMRKP
|c 19950704
|g psbo
|
| 801 |
|
1 |
|a RU
|b 63413507
|c 20150708
|
| 801 |
|
2 |
|a RU
|b 63413507
|c 20190531
|g RCR
|
| 942 |
|
|
|c BK
|